Beethoven
| Titel: | Beethoven : der einsame Revolutionär : eine Biographie / Jan Caeyers ; aus dem Niederländischen von Andreas Ecke |
|---|---|
| Verfasser: | |
| Beteiligt: | |
| Ausgabe: | 4. Auflage |
| Veröffentlicht: | München : C. H. Beck, 2017 |
| Umfang: | XII, 833 Seiten : Illustrationen, Notenbeispiele |
| Format: | Buch |
| Sprache: | Deutsch |
| Einheitssachtitel: | Beethoven |
| RVK-Notation: | |
| ISBN: | 9783406749414 ; 3406749410 |
| Hinweise zum Inhalt: |
Inhaltsverzeichnis
Buch Bibliographie Cover Abstract |
alg: 52232110 001A $03004:18-10-24 001B $01999:04-12-25 $t22:16:50.000 001D $03004:18-10-24 001U $0utf8 001X $00 002@ $0Aau 002C $aText $btxt $2rdacontent 002D $aohne Hilfsmittel zu benutzen $bn $2rdamedia 002E $aBand $bnc $2rdacarrier 003@ $0522321100 003O $01288066574 $aOCoLC 004A $A978-3-406-74941-4 004A $03-406-74941-0 006C $01288066574 $aOCoLC 007A $0522321100 $aHEB 007G $0DE020776BA3E54F82202BC1258BCC0040B99C 009P $qapplication/pdf $A2 $3Inhaltsverzeichnis $uhttp://scans.hebis.de/HEBCGI/show.pl?52232110_toc.pdf $mV:DE-603;B:DE-Mb50 009P $qapplication/pdf $A2 $3Buch Bibliographie $uhttp://scans.hebis.de/HEBCGI/show.pl?52232110_bib.pdf $mV:DE-603;B:DE-Mb50 009P $qapplication/pdf $A2 $3Cover $uhttp://scans.hebis.de/HEBCGI/show.pl?52232110_cov.pdf $mV:DE-603;B:DE-Mb50 009P $qapplication/pdf $A2 $3Abstract $uhttp://scans.hebis.de/HEBCGI/show.pl?52232110_sum.pdf $mV:DE-603;B:DE-Mb50 010@ $ager $cdut 010E $erda 011@ $a2017 $n2017 013D $RBiograf $RLebenslauf $RBiografik $#Biography $#Biography as a literary form $#Biographies $#Biografie $#Biografía $#biographies $#Biographie $#Biographie $#Biographie $#Biographisches Nachschlagewerk $#Lebensbeschreibung $#Berühmte Persönlichkeit Biografie $#Biografisches Nachschlagewerk $74006804-3 $8Biografie [Tsz] $9085010375 021A $aBeethoven $dder einsame Revolutionär : eine Biographie $hJan Caeyers ; aus dem Niederländischen von Andreas Ecke 022A $aBeethoven 028A $BVerfasser $#Caeyers, Jan $#Caeyers, J. $4aut $7141099283 $8Caeyers, Jan$Z1953- [Tp1] $9222715219 028C $BÜbersetzer $4trl $7113290683 $8Ecke, Andreas$Z1957- [Tp3] $9147693268 032@ $a4. Auflage 033A $pMünchen $nC. H. Beck 034D $aXII, 833 Seiten 034M $aIllustrationen, Notenbeispiele 037A $aLiteraturverzeichnis Seite 804-813 044A $aBeethoven, Ludwig van $2ssg $S17 $d1770-1827 $vBiografije $N600 044A $anemški skladatelji $S0# $N653 044K $RPeters, Josefine $#Beethoven, Ludwig van, 1770-1827 $#Beethoven, Lovis van $#Beethoven, Ludwig von $#Bethoven, Ludwig von $#Beethoven $#Beethoven, L. de $#Beethoven, L. van $#Beethoven, Ludw. van $#Beethoven, L. v. $#Betchoven, Ljudvig van $#Beethoven, Ludovicus van $#Bethoven $#Bei duo fen $#Beiduofen $#Beethofen $#Beethoven, Lewis van $#Bethoven, Ludwig van $#Betoven, Ludvig van $#Betchoven, Ljudvig van $#Beethoven, Louis van $#Beethoven, Luigi van $#Beethoven, Ludvig van $#Van Beethoven, Ludwig $#Beethoven, Ludwik van $#Betchoven, L. van $#Beethoven, Ludvig van $#Betoven, Ludvig van $#Bethoven, Ludwig van $#Betchoven, Ljudvig van $#Beethoven, Lewis van $#Beethofen, ... $#Beethoven, Ludwig von $#Beethoven, L. von $#Beethoven, Louis v. $#Beethoven, Louis von $#Beethowen, Ludwig van $#Betchoven, .̤ $#Betchoven, L. $#Beethoven, Ludwig v. $#Beethoven, L. $#Beethoven, Ludwig $#Beethoven, J. L. van $#Beethoven, ... van $#Bethofen, L. van $7118508288 $8Beethoven, Ludwig$cvan$Z1770-1827 [Tp1] $9086849417 044K $RMusiker $RKomponistin $#Composers $#Compositeurs $#Compositori $#Compositores $#Komponist $74032009-1 $8Komponist [Ts1] $9085085197 044K $#Music $#Musique $#Musica $#music $#Music $#Musik $#Musik $74040802-4 $8Musik [Tsz] $9085111635 044K $#Wienn $#Viedeň $#Vinna $#Wiedeń Wien $#Vena $#Wienna $#Vin $#Biennē $#Viennē $#Wīn $#Bécs $#Vídeň $#Vjenë $#Dunaj $#Wenia $#Bundesland Wien $#Land Wien $#Stadt Wien $#Bundeshauptstadt Wien $#Bundesunmittelbare Stadt Wien $#Kaiserlich-Königliche Reichshaupt- und Residenzstadt Wien $#K.K. Reichshaupt- und Residenzstadt Wien $#Reichshaupt- und Residenzstadt Wien $#Reichsgau Wien $#Vienna $#Vienne Österreich $#Beč $#Viena $#Bécs $#Vindobona Wien $#Vienna Pannoniae $#Vindobona $#Vienna Austriae $#Vienne $#Gemeinde Wien $#Vienna Fluviorum $74066009-6 $8Wien [Tgz] $9085185515 044K $RSchwarzenberg, Karoline von Fürstin $#Lobkowiez, Joseph Franz Maximilian Ferdinand von $#Lobkowicz, Joseph Franz Maximilian Ferdinand von $#Lobkowitz, Franz Joseph Maximilian von $#Lobkowitz, Franz Joseph von $#Lobkowitz, Josef Frantisek Maximilián $#Lobkowitz, Joseph Franz Maximilian Ferdinand Fürst von $#Lobkowitz, Joseph Franz Maximilian von Fürst $#Lobkovic, Josef Frantisek Maximilian $#Lobkowicz, Josef Frantisek Maximilian $#Lobkowitz, Franz Joseph Ferdinand Maximilian von Fürst $7130627011 $8Lobkowitz, Joseph Franz Maximilian Ferdinand$cvon$Z1772-1816 [Tp1] $9160776309 044K $RProtektorat Böhmen und Mähren $RBöhmische Länder $RTschechoslowakei $#Böhmen $#Čech $#Königreich Böhmen $#České Království $#Království České $#Kronland Böhmen $#Čechy $#Ceské Království $#Království Ceské $74007467-5 $8Böhmen [Tg1] $9085012173 045E $c780 045F $a780.92 $eDDC23ger 045F/01 $a780.92 045G $a780.94309033 $eDDC23BSB 045G/01 $a780.9 045G/03 $f09033 045G/03 $f09034 045G/03 $g43 045G/03 $g436 045R $aGeschichte 1770-1827 045Z $8LP 63172 [Tkv] $9410126152 lok: 52232110 24 exp: 52232110 24 1 #EPN 201B/01 $018-10-24 $t09:34:46.000 201C/01 $018-10-24 201U/01 $0utf8 203@/01 $01278285431 208@/01 $a18-10-24 $bz 209A/01 $a24.06227 $du $f050 $h24 06227 $x00 209C/01 $a24.06227 G $h24 06227 G 209G/01 $a74902510 $x00 220C/01 $awei 247C/01 $8358050-7Marburg, Bibliothek des Herder-Instituts Marburg $9102600961
| LEADER | 00000cam a2200000 c 4500 | ||
|---|---|---|---|
| 001 | 522321100 | ||
| 003 | DE-603 | ||
| 005 | 20251204221650.0 | ||
| 007 | tu | ||
| 008 | 241018s2017 xx |||| | u00||u|ger c | ||
| 020 | |a 9783406749414 | ||
| 020 | |a 3406749410 | ||
| 035 | |a (DE-599)HEB522321100 | ||
| 035 | |a (OCoLC)1288066574 | ||
| 040 | |a DE-603 |b ger |c DE-603 |d DE-603 |e rda | ||
| 041 | |a ger |h dut | ||
| 082 | 0 | 4 | |8 1\u |a 780.92 |q DE-101 |2 23/ger |
| 083 | 0 | |8 2\u |a 780.94309033 |q DE-101 |2 23/BSB | |
| 084 | |a 780 |q DE-101 |2 sdnb | ||
| 084 | |a LP 63172 |0 (DE-625)107229: |0 (DE-603)410126152 |2 rvk | ||
| 085 | |8 1\u |b 780.92 | ||
| 085 | |8 2\u |b 780.9 | ||
| 085 | |8 2\u |z 1 |s 09033 | ||
| 085 | |8 2\u |z 1 |s 09034 | ||
| 085 | |8 2\u |z 2 |s 43 | ||
| 085 | |8 2\u |z 2 |s 436 | ||
| 100 | 1 | |a Caeyers, Jan |d 1953- |e Verfasser |4 aut |0 (DE-603)222715219 |0 (DE-588)141099283 |2 gnd | |
| 240 | 1 | 0 | |a Beethoven |
| 245 | 0 | 0 | |a Beethoven |b der einsame Revolutionär : eine Biographie |c Jan Caeyers ; aus dem Niederländischen von Andreas Ecke |
| 250 | |a 4. Auflage | ||
| 264 | 1 | |a München |b C. H. Beck |c 2017 | |
| 300 | |a XII, 833 Seiten |b Illustrationen, Notenbeispiele | ||
| 336 | |a Text |b txt |2 rdacontent | ||
| 337 | |a ohne Hilfsmittel zu benutzen |b n |2 rdamedia | ||
| 338 | |a Band |b nc |2 rdacarrier | ||
| 500 | |a Literaturverzeichnis Seite 804-813 | ||
| 600 | 1 | 7 | |a Beethoven, Ludwig van |d 1770-1827 |0 (DE-588)118508288 |0 (DE-603)086849417 |2 gnd |
| 600 | 1 | 7 | |a Lobkowitz, Joseph Franz Maximilian Ferdinand von |d 1772-1816 |0 (DE-588)130627011 |0 (DE-603)160776309 |2 gnd |
| 648 | 7 | |a Geschichte 1770-1827 |2 gnd | |
| 650 | 7 | |a Komponist |0 (DE-588)4032009-1 |0 (DE-603)085085197 |2 gnd | |
| 650 | 7 | |a Musik |0 (DE-588)4040802-4 |0 (DE-603)085111635 |2 gnd | |
| 651 | 7 | |a Wien |0 (DE-588)4066009-6 |0 (DE-603)085185515 |2 gnd | |
| 651 | 7 | |a Böhmen |0 (DE-588)4007467-5 |0 (DE-603)085012173 |2 gnd | |
| 655 | 7 | |a Biografie |2 gnd-content |0 (DE-588)4006804-3 |0 (DE-603)085010375 | |
| 700 | 1 | |a Ecke, Andreas |d 1957- |e Übersetzer |4 trl |0 (DE-603)147693268 |0 (DE-588)113290683 |2 gnd | |
| 856 | 4 | 2 | |m V:DE-603;B:DE-Mb50 |q application/pdf |u http://scans.hebis.de/HEBCGI/show.pl?52232110_toc.pdf |3 Inhaltsverzeichnis |
| 856 | 4 | 2 | |m V:DE-603;B:DE-Mb50 |q application/pdf |u http://scans.hebis.de/HEBCGI/show.pl?52232110_bib.pdf |3 Buch Bibliographie |
| 856 | 4 | 2 | |m V:DE-603;B:DE-Mb50 |q application/pdf |u http://scans.hebis.de/HEBCGI/show.pl?52232110_cov.pdf |3 Cover |
| 856 | 4 | 2 | |m V:DE-603;B:DE-Mb50 |q application/pdf |u http://scans.hebis.de/HEBCGI/show.pl?52232110_sum.pdf |3 Abstract |
| 924 | 0 | |9 Mb 50 |a (DE-603)1278285431 |b DE-Mb50 |c HES |d c |g 24.06227 | |


